| 000 | 00498nam a22001937a 4500 | ||
|---|---|---|---|
| 003 | OSt | ||
| 005 | 20151110182207.0 | ||
| 008 | 151110b xxu||||| |||| 00| 0 eng d | ||
| 020 | _a0340545534 | ||
| 040 | _c040a | ||
| 082 |
_a519.5 _bBAR 1991 |
||
| 100 |
_aBarnett, V _96079 |
||
| 245 |
_aSample survey: _bprinciples and methods / _cV. Barnett |
||
| 260 |
_aLondon _bArnold _c1991 |
||
| 300 |
_avii, 173p; _bill : _c10 cm |
||
| 504 | _aincludes index | ||
| 650 |
_aSample _96080 |
||
| 942 |
_2ddc _cSLOAN |
||
| 999 |
_c2502 _d2502 |
||